000 01334cam a2200265 4500
001 ABS63978
008 000000n2001 000 0 eng u
035 _a(Sirsi) u112676
100 _aAustin, C
245 _aSpoilt for choice?
260 _c2001
490 _aSolicitors' Journal
_v145(18) 11 May 2001, 436(1)
520 _aConsiders the dispute resolution options available for landlord and tenant disputes. Dispels the notion that experts/arbitrators gain substantial fees through dispute resolution, highlighting that experts on the RICS panel rarely receive appointments which result in a determination and a fee. Outlines the advantages of the PACT (Professional Arbitration on Court Terms) dispute resolution scheme, which include speed, lower cost, high quality decisions, and flexibility. Suggests that expert nomination is preferable to arbitration in rental disputes, and concludes with a brief summary of the mediation option.
590 _aABS
650 _aFEES
650 _aRENTAL DISPUTES
650 _aLANDLORD AND TENANT
_96252
650 _aEXPERT WITNESSES
650 _aMANAGEMENT-DISPUTE AVOIDANCE, MANAGEMENT AND RESOLUTION-DISPUTE MANAGEMENT AND RESOLUTION-ARBITRATION
650 _aMEDIATION
650 _aRICS
650 _aPACT
690 _aDispute resolution
_96236
942 _n0
999 _c67069
_d67069